Finish the Nicene Creed Line Quiz Stats

 Plays Quiz not verified by Sporcle

Challenge
Share
Tweet
Embed
Score 0/34 Timer 05:00
0 Plays Today
% Correct
earth
89.4%
God
85.6%
invisible
85.6%
God
84.9%
Christ
84.6%
God
84.6%
almighty
83.9%
Pilate
82.5%
heaven
82.5%
heaven
82.2%
Mary
81.8%
church
81.5%
glorified
81.2%
sins
80.8%
God
80.5%
buried
80.5%
life
79.8%
% Correct
Son
79.8%
dead
79.5%
made
78.8%
Spirit
78.8%
end
78.1%
dead
78.1%
come
78.1%
made
77.7%
Light
77.4%
Scriptures
77.4%
glory
77.4%
Father
77.1%
man
76.7%
prophets
75.3%
Father
74.3%
salvation
74%
ages
71.6%

You're not logged in!

Compare scores with friends on all Sporcle quizzes.
Join for Free
OR
Log In

You Might Also Like...

Show Comments

Extras

Top Quizzes Today


Score Distribution

Your Account Isn't Verified!

In order to create a playlist on Sporcle, you need to verify the email address you used during registration. Go to your Sporcle Settings to finish the process.

Report this User

Report this user for behavior that violates our Community Guidelines.

Details: